000
00216 a2200097 4500
001
30544
100
_a
Inamul Haq
245
_a
The improvement of libraries
260
_a
_b
Sang-e-Meel Pub
_c
090
_c
20474
_d
20474
942
_a
NUST-CAE
_c
M
_c
11641
999
_c
265617
_d
265617